000 005630000a22001690004500
090 _aAR
_b00548
245 1 0 _aConservación ex situ de la biodiversidad vegetal en Andalucía: Programas del Jardín Botánico de Córdoba
650 1 4 _aJardines botánicos
_992821
650 1 4 _aRecursos genéticos
_992757
650 1 4 _aBiodiversidad vegetal
_993593
651 4 _dCórdoba
_pEspaña
_992749
041 0 _aEspañol
700 1 _aMuñoz, Clemente
_993594
100 1 _aHernández Bermejo, J. Esteban
_93524
942 _cARTICULO
773 1 _tPreprint
_33
_q261-263
_d1992?
999 _c9642
_d9642